000 01189nam0a2200325 4500
001 RU\NLR\bibl\28616
005 20260409071623.0
010 _a5-7233-0242-6
_910 000
021 _aRU
_b98-31995
_91516
035 _a(NLR Aleph) 000027877
090 _a136715
_c136715
100 _a19990520d1998 |||y0rusy50 ca
101 0 _arus
102 _aRU
105 _aa |||||||||
200 1 _aИмператор Николай II
_fАлександр Боханов
210 _aМ.
_cРус. слово
_d1998
215 _a567 с., [24] л. ил., факс., портр.
_cфакс.
_d24
320 _aБиблиогр.: с. 557-566
600 0 _aНиколай
_cимператор российский
_dII
_f1868 - 1918
_91708972
_3RU\NLR\auth\66761509
600 0 _aНиколай
_dII
_cимп.
_f1868-1918
_2psbo
686 _aТ3(2)52,022.1
700 1 _4070
_7ca
_8rus
_aБоханов
_bА. Н.
_f1944-2019
_gАлександр Николаевич
_9110573
_3RU\NLR\AUTH\77524
801 0 _aRU
_bNLR
_c19990520
_gPSBO
801 1 _aRU
_bNLR
_c19990520
852 _aNLR
_j99-7/536
942 _cBOOK
980 _aNB